000 00607cam a22002053a 4500
001 45956
003 PGUSA
005 20140828084055.0
008 140613s2014||||xxu|||||s|||||000 | eng d
040 _aPGUSA
_beng
042 _adc
100 1 _aVictor, Metta Victoria Fuller,
_d1831-1885
245 1 0 _aTagebuch eines bösen Buben
_h[electronic resource] /
_cMetta Victoria Fuller Victor
260 _bProject Gutenberg,
_c2014
506 _aPublic domain in the USA.
516 _aElectronic text
830 0 _aProject Gutenberg
_v45956
856 4 0 _uhttp://www.gutenberg.org/ebooks/45956
942 _cEB
999 _c275205
_d275205